MARC details
| 000 -CABECERA |
| campo de control de longitud fija |
01115cam a2200229 a 4500 |
| 001 - NÚMERO DE CONTROL |
| campo de control |
000005753 |
| 005 - FECHA Y HORA DE LA ÚLTIMA TRANSACCIÓN |
| campo de control |
20200929151754.0 |
| 008 - DATOS DE LONGITUD FIJA--INFORMACIÓN GENERAL |
| campo de control de longitud fija |
760629s1964 uy 001 0 spa |
| 040 ## - FUENTE DE LA CATALOGACIÓN |
| Centro catalogador/agencia de origen |
DO-SdBNP |
| Centro/agencia transcriptor |
TxU |
| Centro/agencia modificador |
OCoLC |
| -- |
DLC |
| 082 ## - NÚMERO DE LA CLASIFICACIÓN DECIMAL DEWEY |
| Número de clasificación |
342 |
| Número de documento/Ítem |
M385a |
| 100 1# - ENTRADA PRINCIPAL--NOMBRE DE PERSONA |
| Nombre de persona |
Martínez, Martín C. |
| Forma completa/desarrollada del nombre |
(Martín Casimiro Martínez), |
| Fechas asociadas al nombre |
1859-1946. |
| 9 (RLIN) |
16283 |
| 245 10 - MENCIÓN DE TÍTULO |
| Título |
Ante la nueva Constitución / |
| Mención de responsabilidad, etc. |
Martín C. Martínez ; prólogo, Héctor Gros Espiell. |
| 260 ## - PUBLICACIÓN, DISTRIBUCIÓN, ETC. |
| Lugar de publicación, distribución, etc. |
Montevideo, Uruguay : |
| Nombre del editor, distribuidor, etc. |
Ministerio de Instrucción Pública y Previsión Social, |
| Fecha de publicación, distribución, etc. |
1964. |
| 300 ## - DESCRIPCIÓN FÍSICA |
| Extensión |
xxxix, 268 p. ; |
| Dimensiones |
20 cm. |
| 440 #0 - MENCIÓN DE SERIE/PUNTO DE ACCESO ADICIONAL--TÍTULO |
| Título |
Biblioteca Artigas. |
| 9 (RLIN) |
16279 |
| 490 1# - MENCIÓN DE SERIE |
| Mención de serie |
Clásicos uruguayos |
| Designación de volumen o secuencia |
48. |
| 500 ## - NOTA GENERAL |
| Nota general |
Appendix (p. [203]-268) : El primer bienio del Consejo Nacional.--Sobre interpretacion del articulo 100 de la Constitucion.--Sobre delegacion de competencias legislativas al Poder Ejecutivo.--La revision constitucional. |
| 650 #4 - PUNTO DE ACCESO ADICIONAL DE MATERIA--TÉRMINO DE MATERIA |
| Término de materia o nombre geográfico como elemento de entrada |
Derecho constitucional |
| Subdivisión geográfica |
Uruguay |
| 9 (RLIN) |
16284 |
| 700 1# - PUNTO DE ACCESO ADICIONAL--NOMBRE DE PERSONA |
| Nombre de persona |
Gros Espiell, Héctor, |
| Término indicativo de función/relación |
pról. |
| 9 (RLIN) |
16285 |
| 830 #0 - PUNTO DE ACCESO ADICIONAL DE SERIE-TÍTULO UNIFORME |
| Título uniforme |
Biblioteca Artigas. |
| Nombre de parte o sección de la obra |
clásicos uruguayos, |
| Designación de volumen o secuencia |
48 |
| 9 (RLIN) |
16286 |
| 910 ## - DATOS DE OPCIÓN DEL USUARIO (OCLC) |
| Datos de opción del usuario |
Catalogación por copia / LC |
| 999 ## - NÚMEROS DE CONTROL DE SISTEMA (KOHA) |
| -- |
0000011 |